[Event "Campeonato de Aragon por Equipos - Division de Honor"]
[Site ""]
[Date "2022.02.12"]
[Round "3.26"]
[White "Luis Vitalla, Fernando"]
[Black "Ramon Perez, Jose Luis"]
[Result "0-1"]
[WhiteElo "2096"]
[BlackElo "2161"]
[PlyCount "0"]
[WhiteTeam "Atletismo Huesca"]
[BlackTeam "Agrupacion"]
[EventDate "2022.01.29"]

1. d4 e6 2. c4 f5 3. g3 Nf6 4. Bg2 Be7 5. Nf3 O-O 6. O-O d6 7. Nc3 Ne4 8. Qc2
Nxc3 9. Qxc3 Bf6 10. Rd1 Qe7 11. Qc2 e5 12. e4 Nc6 13. Be3 exd4 14. Nxd4 Bxd4
15. Bxd4 f4 16. Qc3 Bg4 17. f3 Be6 18. Rac1 b6 19. b3 a5 20. e5 Nxd4 21. exd6
Ne2+ 22. Kf1 Nxg3+ 23. hxg3 cxd6 24. Qd4 fxg3 25. Qxd6 Qxd6 26. Rxd6 Rf6 27.
Rxe6 Rxe6 28. f4 Rf8 29. Bd5 Rxf4+ 30. Kg2 Kf7 31. Bxe6+ Kxe6 32. Kxg3 Rd4 33.
c5 bxc5 34. Rxc5 Rd5 35. Rc7 Kf6 36. Rc6+ Kg5 37. Rc7 Kh6 38. Ra7 Rg5+ 39. Kh3
Kg6 40. a3 Kf6 41. Ra6+ Ke7 42. Rb6 Kd7 43. b4 Kc7 44. Re6 axb4 45. axb4 h6 46.
Ra6 g6 47. Kh4 Rg1 48. Kh3 h5 49. Kh2 Rg4 50. Kh3 Kd7 51. b5 Ke7 52. Rc6 Kf7
53. b6 Rb4 54. Rd6 Kg7 55. Rc6 Kh6 56. Rd6 Kg5 57. Rc6 Rb3+ 58. Kh2 h4 59. Rd6
Kh5 60. Rc6 g5 61. Rf6 Kg4 62. Rg6 Rb2+ 63. Kg1 h3 64. Rc6 Kh4 65. Rc4+ g4 66.
Rc6 g3 67. Rh6+ Kg4 68. Rg6+ Kf4 69. Rf6+ Ke5 70. Rf3 Rb1+ 71. Rf1 0-1

[Event "Campeonato de Aragon por Equipos - Division de Honor"]
[Site ""]
[Date "2022.02.12"]
[Round "3.27"]
[White "Barros Gutierrez, Angel Luis"]
[Black "Gella Bitrian, Diego"]
[Result "1-0"]
[WhiteElo "2043"]
[BlackElo "2037"]
[PlyCount "0"]
[WhiteTeam "Agrupacion"]
[BlackTeam "Atletismo Huesca"]
[EventDate "2022.01.29"]

1. d4 Nf6 2. c4 g6 3. Nc3 Bg7 4. e4 d6 5. h3 O-O 6. Bg5 Nbd7 7. Bd3 c6 8. Nge2
Qc7 9. O-O e5 10. d5 a5 11. Rc1 Qb8 12. a3 h6 13. Be3 Ne8 14. Qd2 Kh7 15. g4
Nc7 16. b4 cxd5 17. exd5 f5 18. gxf5 gxf5 19. Ng3 e4 20. Ngxe4 fxe4 21. Bxe4+
Kg8 22. Bxh6 Nf6 23. Bxg7 Kxg7 24. Qg5+ Kf7 25. Bg6+ Kg8 26. Rce1 1-0

[Event "Campeonato de Aragon por Equipos - Division de Honor"]
[Site ""]
[Date "2022.02.12"]
[Round "3.28"]
[White "Bellosta Lopez, Pablo"]
[Black "Conon, Catalin"]
[Result "1-0"]
[WhiteElo "1980"]
[BlackElo "1887"]
[PlyCount "0"]
[WhiteTeam "Atletismo Huesca"]
[BlackTeam "Agrupacion"]
[EventDate "2022.01.29"]

1. e4 e6 2. d3 d5 3. Qe2 Be7 4. g3 c5 5. Bg2 Nf6 6. e5 Nfd7 7. Nf3 Nc6 8. O-O
O-O 9. c4 b5 10. cxb5 Na5 11. Bd2 a6 12. Bxa5 Qxa5 13. bxa6 Bxa6 14. Rc1 Rfb8
15. Nc3 Rb6 16. Qd2 Bd8 17. b3 Rc8 18. Bf1 Rbc6 19. Qb2 Bc7 20. Nd1 Bb8 21. d4
Bb7 22. dxc5 Qb4 23. a3 Qe4 24. Nd2 Qxe5 25. b4 Qh5 26. Nb3 e5 27. Qe2 Qh6 28.
Na5 Nxc5 29. Nxc6 Nb3 30. Ne7+ Kf8 31. Rxc8+ Bxc8 32. Nxc8 Nxa1 33. Qb5 Bc7 34.
Qd7 Qe6 35. Qxc7 g6 36. Qd6+ Qxd6 37. Nxd6 Nc2 38. b5 Ke7 39. Nc8+ Kd7 40. Nb6+
Kd6 41. a4 Kc5 42. a5 Nd4 43. Nc3 Nb3 44. Nd7+ Kd6 45. a6 1-0

[Event "Campeonato de Aragon por Equipos - Division de Honor"]
[Site ""]
[Date "2022.02.12"]
[Round "3.29"]
[White "Pellicer Cerezuela, Miguel"]
[Black "Juberias Segura, Santiago"]
[Result "1/2-1/2"]
[WhiteElo "2006"]
[BlackElo "2026"]
[PlyCount "0"]
[WhiteTeam "L'Aurora Estadilla"]
[BlackTeam "Utebo San Lamberto"]
[EventDate "2022.01.29"]

1. d4 Nf6 2. c4 g6 3. Nc3 Bg7 4. e4 d6 5. f4 O-O 6. Nf3 c5 7. d5 e6 8. Be2 exd5
9. cxd5 Re8 10. Nd2 a6 11. a4 Nbd7 12. O-O Rb8 13. a5 b6 14. axb6 Nxb6 15. Bf3
Qc7 16. Kh1 c4 17. Re1 Nfd7 18. Na4 Nxa4 19. Rxa4 Nb6 20. Ra3 Qc5 21. e5 Bf5
22. g4 Bd3 23. Rxd3 cxd3 24. Ne4 Qa5 25. Nxd6 Nxd5 26. Nxe8 Rxe8 27. Re4 Qb5
28. Rd4 Nb4 29. Be4 Qc5 30. Be3 Qc2 31. Qxc2 Nxc2 32. Rxd3 Nxe3 33. Rxe3 g5 34.
fxg5 1/2-1/2

[Event "Campeonato de Aragon por Equipos - Division de Honor"]
[Site ""]
[Date "2022.02.12"]
[Round "3.30"]
[White "Lopez Guaita, Fernando"]
[Black "Felez Casedas, Carlos"]
[Result "1/2-1/2"]
[WhiteElo "1828"]
[BlackElo "1947"]
[PlyCount "0"]
[WhiteTeam "Utebo San Lamberto"]
[BlackTeam "L'Aurora Estadilla"]
[EventDate "2022.01.29"]

1. e4 e5 2. Nf3 Nf6 3. Nc3 Nc6 4. Bb5 d6 5. d4 exd4 6. Nxd4 Bd7 7. Bxc6 bxc6 8.
O-O Be7 9. b3 O-O 10. Bb2 Rb8 11. Qd3 c5 12. Nde2 Bc6 13. Rad1 Re8 14. Nf4 Rb4
15. f3 Rd4 16. Qa6 Qa8 17. Rxd4 cxd4 18. Nce2 Bb7 19. Qd3 c5 20. c3 dxc3 21.
Nxc3 Bf8 22. Rd1 a6 23. Nfd5 Bxd5 24. Nxd5 Nxd5 25. Qxd5 Qxd5 26. Rxd5 f6 27.
Bc3 Kf7 28. Kf2 Ke6 29. Ke3 g6 30. g4 Be7 31. b4 cxb4 32. Bxb4 Rb8 33. a3 Rb5
34. Kd4 Rxd5+ 35. exd5+ Kd7 36. Ba5 f5 37. gxf5 gxf5 38. Ke3 Bg5+ 39. Kd4 Bf4
40. h3 Kc8 41. Kc4 1/2-1/2

[Event "Campeonato de Aragon por Equipos - Division de Honor"]
[Site ""]
[Date "2022.02.12"]
[Round "3.32"]
[White "Arias Alvarez, Alberto"]
[Black "Fuentes Espuna, Juan Antonio"]
[Result "0-1"]
[WhiteElo "1699"]
[BlackElo "1903"]
[PlyCount "0"]
[WhiteTeam "Utebo San Lamberto"]
[BlackTeam "L'Aurora Estadilla"]
[EventDate "2022.01.29"]

1. e4 e6 2. d4 d5 3. exd5 exd5 4. Nf3 Nf6 5. Be2 Bd6 6. Bg5 O-O 7. O-O Be6 8.
Nbd2 Nbd7 9. c4 c6 10. Rc1 Re8 11. cxd5 cxd5 12. Bb5 h6 13. Bh4 Qb6 14. Qb3
Rec8 15. Bd3 Qxb3 16. Nxb3 Ne4 17. Rxc8+ Rxc8 18. Rc1 Rxc1+ 19. Nxc1 f5 20. Ne1
g5 21. f3 gxh4 22. fxe4 dxe4 23. Bb5 Nb6 24. b3 f4 25. Nc2 h3 26. Bf1 hxg2 27.
Bxg2 f3 28. Bf1 Bf4 0-1

[Event "Campeonato de Aragon por Equipos - Division de Honor"]
[Site ""]
[Date "2022.02.19"]
[Round "4.1"]
[White "Ruperez Benito, Antonio"]
[Black "Baron Rodriguez, Jesus"]
[Result "1/2-1/2"]
[WhiteElo "2322"]
[BlackElo "2405"]
[PlyCount "0"]
[WhiteTeam "Palacio De Pioneros A"]
[BlackTeam "IberCaja"]
[EventDate "2022.01.29"]

1. e4 e5 2. Nf3 Nc6 3. Bc4 Nf6 4. d3 Bc5 5. O-O O-O 6. h3 d6 7. c3 a5 8. Re1 h6
9. Nbd2 Be6 10. Bb5 Qb8 11. Bxc6 bxc6 12. d4 exd4 13. cxd4 Bb4 14. a3 Bxd2 15.
Nxd2 Re8 16. b3 Qb6 17. Bb2 Bxb3 18. Nxb3 a4 19. Re3 axb3 20. Rxb3 Qa7 21. f3
d5 22. Qc2 dxe4 23. Re1 exf3 24. Rxe8+ Rxe8 25. Rxf3 Qa6 26. Qd3 Qb5 27. Bc3
Re2 28. Bd2 Ne4 29. Bb4 g6 30. a4 Qxd3 31. Rxd3 Rb2 32. Be7 Rb1+ 33. Kh2 f5 34.
Re3 Kf7 35. Bd8 Ke6 36. Bxc7 Kd5 37. Ra3 g5 38. g3 Rb7 39. Be5 c5 40. a5 cxd4
41. a6 Ra7 42. Bb8 Ra8 43. a7 Nc5 44. Kg2 Nd7 45. Rb3 Kc4 46. Rb7 Nc5 47. Rb6
d3 48. Kf2 Nd7 49. Rb7 Nc5 50. Rb6 Nd7 51. Rb7 Nc5 1/2-1/2

[Event "Campeonato de Aragon por Equipos - Division de Honor"]
[Site ""]
[Date "2022.02.19"]
[Round "4.2"]
[White "Lopez Gracia, Fernando"]
[Black "Romero Pallares, Daniel"]
[Result "1/2-1/2"]
[WhiteElo "2281"]
[BlackElo "2270"]
[PlyCount "0"]
[WhiteTeam "IberCaja"]
[BlackTeam "Palacio De Pioneros A"]
[EventDate "2022.01.29"]


1. c4 g6 2. Nc3 Bg7 3. g3 f5 4. Bg2 Nf6 5. d3 d6 6. e4 Nc6 7. Nge2 O-O 8. O-O
e5 9. Nd5 fxe4 10. dxe4 Be6 11. Bg5 Qd7 12. Rc1 Ng4 13. f3 h6 14. Bd2 Nf6 15.
Be3 Kh7 16. Qd2 Rf7 17. Rfd1 Bh3 18. Bh1 Raf8 19. c5 Nxd5 20. exd5 Ne7 21. cxd6
cxd6 22. Nc3 Rxf3 23. Bxf3 Rxf3 24. Ne4 Qg4 25. Rc4 Rxe3 26. Nf6+ Bxf6 27. Rxg4
Bxg4 28. Qxe3 Bxd1 29. Qxa7 h5 30. Qxb7 Bf3 31. Qd7 e4 32. Qxd6 Bd4+ 33. Kf1
Nf5 34. Qc7+ Kh6 35. Qf4+ Kg7 36. Qc7+ Kh6 37. Qf4+ Kh7 38. Qc7+ Kh6 1/2-1/2

[Event "Campeonato de Aragon por Equipos - Division de Honor"]
[Site ""]
[Date "2022.02.19"]
[Round "4.3"]
[White "Lacruz Algarate, Alvaro"]
[Black "Villalba Embid, Marcos"]
[Result "1/2-1/2"]
[WhiteElo "2097"]
[BlackElo "2058"]
[PlyCount "0"]
[WhiteTeam "Palacio De Pioneros A"]
[BlackTeam "IberCaja"]
[EventDate "2022.01.29"]

1. e4 c5 2. Nf3 d6 3. Bb5+ Nd7 4. d4 cxd4 5. Qxd4 a6 6. Bxd7+ Bxd7 7. O-O e5 8.
Qd3 Rc8 9. c4 Qc7 10. Na3 h6 11. b3 Nf6 12. Nc2 b5 13. Ne3 Qb7 14. Nd2 Be7 15.
Re1 O-O 16. Ba3 Rfd8 17. Rac1 Be6 18. Nd5 Nxd5 19. cxd5 Bd7 20. Bb4 Qb6 21. Qe3
Qxe3 22. fxe3 Rxc1 23. Rxc1 Rc8 24. Rxc8+ Bxc8 25. Nf3 Kf8 26. Kf2 Ke8 27. h3
h5 28. Ne1 f5 29. Kf3 g6 30. exf5 gxf5 31. e4 Bd7 32. Nc2 f4 33. Ne1 Bc8 34.
Nd3 Kd7 35. Ba5 Bh4 36. Nc1 Ke7 37. Ne2 Bd7 38. Ng1 Be8 39. Ne2 1/2-1/2

[Event "Campeonato de Aragon por Equipos - Division de Honor"]
[Site ""]
[Date "2022.02.19"]
[Round "4.4"]
[White "Torcal Miguel, Oscar"]
[Black "Garcia Gonzalez, Omar"]
[Result "1/2-1/2"]
[WhiteElo "2037"]
[BlackElo "2057"]
[PlyCount "0"]
[WhiteTeam "IberCaja"]
[BlackTeam "Palacio De Pioneros A"]
[EventDate "2022.01.29"]

1. c4 g6 2. g3 Bg7 3. Bg2 d6 4. Nc3 Nf6 5. e4 O-O 6. Nge2 Nc6 7. d3 e5 8. h3
Ne7 9. O-O Nd7 10. d4 f5 11. Be3 h6 12. dxe5 Nxe5 13. c5 fxe4 14. cxd6 Qxd6 15.
Qxd6 cxd6 16. Nxe4 Nc4 17. Bc1 Nxb2 18. Nxd6 Nc4 19. Nxc8 Raxc8 20. Rb1 b6 21.
Nf4 Bc3 22. Bb7 Rb8 23. Be4 Nd2 24. Bxd2 Bxd2 25. Nxg6 Nxg6 26. Bxg6 a5 27. Rb3
Bb4 28. f4 Rbd8 29. Rd3 Kg7 30. Rfd1 Rxd3 31. Bxd3 Rd8 32. Kf2 Kf6 33. Ke3 Bc5+
34. Kf3 Rd4 35. Be2 Rxd1 36. Bxd1 Bb4 37. g4 Be1 38. a4 Bh4 39. Bc2 Be1 40. Ke4
Bg3 41. Bd3 Be1 42. Kd5 Bg3 43. f5 Bf2 44. Kd6 Be3 45. h4 Bf2 46. g5+ hxg5 47.
h5 g4 48. h6 Bd4 49. Kd7 Kf7 50. Bc4+ Kf6 51. Bd3 g3 52. h7 1/2-1/2

[Event "Campeonato de Aragon por Equipos - Division de Honor"]
[Site ""]
[Date "2022.02.19"]
[Round "4.5"]
[White "Cifuentes Parada, Roberto"]
[Black "Adla Martin, Diego"]
[Result "0-1"]
[WhiteElo "2427"]
[BlackElo "2420"]
[PlyCount "0"]
[WhiteTeam "Jaque - Pirenauto"]
[BlackTeam "MyInvestor Casablanca"]
[EventDate "2022.01.29"]

1. d4 Nf6 2. Nf3 e6 3. Bg5 c5 4. e3 Be7 5. Nbd2 b6 6. Bd3 Bb7 7. c3 cxd4 8.
cxd4 d5 9. Ne5 Nbd7 10. Qa4 O-O 11. Nc6 Bxc6 12. Qxc6 Bb4 13. Qa4 Bxd2+ 14.
Kxd2 Ne4+ 15. Bxe4 Qxg5 16. Bf3 Rfd8 17. Rac1 e5 18. dxe5 Nxe5 19. Qd4 Rac8 20.
b3 Rc5 21. Ke2 Nc6 22. Qa4 Qe5 23. Rxc5 Qb2+ 24. Ke1 bxc5 25. Qxc6 d4 26. exd4
Qa1+ 27. Ke2 Qxh1 28. Qxc5 Re8+ 29. Kd3 Qb1+ 30. Kc3 Qxa2 31. d5 Rb8 32. b4
Qa3+ 33. Kc4 Qa6+ 34. Kb3 Qd3+ 35. Ka4 Qb1 36. b5 a6 0-1

[Event "Campeonato de Aragon por Equipos - Division de Honor"]
[Site ""]
[Date "2022.02.19"]
[Round "4.6"]
[White "Quintin Navarro, Alberto"]
[Black "Escartin Lacasa, Jose"]
[Result "1-0"]
[WhiteElo "2398"]
[BlackElo "2315"]
[PlyCount "0"]
[WhiteTeam "MyInvestor Casablanca"]
[BlackTeam "Jaque - Pirenauto"]
[EventDate "2022.01.29"]


1. d4 d5 2. c4 c6 3. Nf3 Nf6 4. e3 e6 5. b3 Nbd7 6. Bb2 Bd6 7. Bd3 Qe7 8. O-O
e5 9. dxe5 Nxe5 10. cxd5 Nxd5 11. Nxe5 Bxe5 12. Bxe5 Qxe5 13. Nd2 O-O 14. Nc4
Qg5 15. f4 Qf6 16. Qf3 Re8 17. Rae1 Nb4 18. Bb1 Be6 19. Nd6 Red8 20. Qe4 g6 21.
Qxb4 Qe7 22. f5 gxf5 23. Rd1 Bd5 24. Bxf5 Qxe3+ 25. Rf2 1-0

[Event "Campeonato de Aragon por Equipos - Division de Honor"]
[Site ""]
[Date "2022.02.19"]
[Round "4.7"]
[White "Carrasquer Alonso, Fernando"]
[Black "Glavina Rossi, Pablo"]
[Result "0-1"]
[WhiteElo "1875"]
[BlackElo "2397"]
[PlyCount "0"]
[WhiteTeam "Jaque - Pirenauto"]
[BlackTeam "MyInvestor Casablanca"]
[EventDate "2022.01.29"]

1. e4 e5 2. Nf3 Nc6 3. Bb5 a6 4. Ba4 Nf6 5. O-O Bc5 6. d3 b5 7. Bb3 d6 8. c3
O-O 9. Bg5 h6 10. Bh4 g5 11. Bg3 Bb6 12. a4 Bg4 13. Na3 Ne7 14. axb5 axb5 15.
Bc2 Ng6 16. d4 Qe7 17. Qd3 Nh5 18. dxe5 dxe5 19. Qxb5 Bxf3 20. gxf3 Qe6 21.
Rfd1 Nxg3 22. hxg3 Qh3 23. Qf1 Qxg3+ 24. Qg2 Qh4 25. Rd2 Qf4 26. Rd3 Rad8 27.
Qh2 Rxd3 28. Bxd3 Qxf3 29. Bf1 Nh4 0-1

[Event "Campeonato de Aragon por Equipos - Division de Honor"]
[Site ""]
[Date "2022.02.19"]
[Round "4.8"]
[White "Vela Frago, Alberto"]
[Black "Carrasquer Alonso, Luis"]
[Result "1/2-1/2"]
[WhiteElo "2153"]
[BlackElo "1822"]
[PlyCount "0"]
[WhiteTeam "MyInvestor Casablanca"]
[BlackTeam "Jaque - Pirenauto"]
[EventDate "2022.01.29"]


1. c4 e5 2. Nc3 Nf6 3. Nf3 d6 4. d4 Nbd7 5. e4 Be7 6. Be2 O-O 7. g4 exd4 8.
Nxd4 Ne5 9. Rg1 Kh8 10. f4 Nc6 11. Be3 Re8 12. Nxc6 bxc6 13. Qc2 Bf8 14. O-O-O
Qe7 15. Bf3 Bb7 16. Bf2 Nd7 17. Rge1 g6 18. g5 Bg7 19. Bg4 f6 20. Qb3 Nb6 21.
a4 a5 22. Bxb6 cxb6 23. Qxb6 fxg5 24. e5 d5 25. cxd5 cxd5 26. Nb5 Rab8 27. Nd6
Rf8 28. Kb1 Rxf4 29. h3 Rb4 30. Qxa5 Bc6 31. Rd2 Bxe5 32. Rxe5 Qxd6 33. Re6 Qf4
34. Kc1 Rxb2 35. Qc3+ d4 36. Qxd4+ Qxd4 37. Rxd4 Bg2 38. Re7 R2b7 39. Rxb7 Rxb7
40. a5 Ra7 41. Ra4 Kg7 42. Kb2 Kf6 43. Kc3 h5 44. Bc8 Ke5 45. Kb4 Bc6 46. Ra3
Kd6 47. Rc3 Bd7 48. Bxd7 Kxd7 49. Kb5 Rc7 50. Rg3 Kc8 51. a6 Rf7 52. Rxg5 Rf6
53. Re5 Kb8 54. Re8+ Ka7 55. Re7+ Ka8 56. h4 g5 57. hxg5 Rg6 58. Re5 h4 59. Rf5
h3 60. Rf6 Rxg5+ 61. Kb6 Rg8 1/2-1/2

[Event "Campeonato de Aragon por Equipos - Division de Honor"]
[Site ""]
[Date "2022.02.19"]
[Round "4.9"]
[White "Garza Marco, Sergio"]
[Black "Gavin Roche, Enrique"]
[Result "1-0"]
[WhiteElo "2396"]
[BlackElo "2237"]
[PlyCount "0"]
[WhiteTeam "Helios"]
[BlackTeam "ONCE Club Ajedrez Aragon"]
[EventDate "2022.01.29"]

1. d4 d5 2. c4 e6 3. Nf3 Nf6 4. Bg5 Be7 5. e3 O-O 6. Qc2 Ne4 7. Bxe7 Qxe7 8.
Bd3 Na6 9. a3 f5 10. O-O c5 11. Nc3 b6 12. Rfd1 cxd4 13. exd4 Nc7 14. cxd5 Nxc3
15. bxc3 Nxd5 16. Qd2 Qc7 17. c4 Nf4 18. Bf1 Bb7 19. Ne5 Nh5 20. a4 Rfd8 21. a5
Rab8 22. axb6 axb6 23. Qe3 Nf6 24. Rdb1 Ba8 25. Rb2 Rbc8 26. Ra6 Rb8 27. f3 h6
28. Ng6 Re8 29. Qe5 Qc8 30. Ra7 Rb7 31. Rxb7 Qxb7 32. Qd6 Nd7 33. Ne5 Nxe5 34.
dxe5 1-0

[Event "Campeonato de Aragon por Equipos - Division de Honor"]
[Site ""]
[Date "2022.02.19"]
[Round "4.10"]
[White "Laliena Solanes, Luis"]
[Black "Guzman Moneo, Alberto"]
[Result "1/2-1/2"]
[WhiteElo "2200"]
[BlackElo "2196"]
[PlyCount "0"]
[WhiteTeam "ONCE Club Ajedrez Aragon"]
[BlackTeam "Helios"]
[EventDate "2022.01.29"]

1. d4 d5 2. Nf3 e6 3. Bf4 Bd6 4. e3 Bxf4 5. exf4 c5 6. dxc5 Qa5+ 7. Nbd2 Qxc5
8. c4 Nf6 9. cxd5 O-O 10. Rc1 Qb4 11. Qc2 Na6 12. Bxa6 bxa6 13. dxe6 Bxe6 14.
O-O Rac8 15. Qb1 Qxf4 16. Rxc8 Rxc8 17. Rc1 Rd8 18. Qc2 Nd5 19. Qc5 Qb8 20. Qa5
Nf4 21. Re1 Qb6 22. Qxb6 axb6 23. b3 Nd3 24. Rd1 Nb4 25. Ra1 h6 26. h4 f6 27.
a3 Nc2 28. Rc1 Bf5 29. Nc4 b5 30. Na5 Be4 31. a4 b4 32. Ne1 Nd4 33. Rc4 1/2-1/2

[Event "Campeonato de Aragon por Equipos - Division de Honor"]
[Site ""]
[Date "2022.02.19"]
[Round "4.11"]
[White "Cerrajeria Ruiz, Jesus Maria"]
[Black "Cobo Garrido, Diego Israel"]
[Result "1-0"]
[WhiteElo "2065"]
[BlackElo "2076"]
[PlyCount "0"]
[WhiteTeam "Helios"]
[BlackTeam "ONCE Club Ajedrez Aragon"]
[EventDate "2022.01.29"]

1. Nf3 d5 2. g3 Nf6 3. Bg2 e6 4. O-O Be7 5. d3 O-O 6. Nbd2 Nbd7 7. e4 dxe4 8.
dxe4 c6 9. e5 Ng4 10. Qe2 Qc7 11. Nc4 b5 12. h3 bxc4 13. hxg4 a5 14. Re1 Ba6
15. Nd4 c3 16. Qe4 cxb2 17. Bxb2 Rab8 18. Bc3 Bb4 19. Bxb4 Rxb4 20. c3 Rb6 21.
Nb3 Rb5 22. Qxc6 Qa7 23. Bf1 Rb6 24. Qa4 Bxf1 25. Kxf1 Rc8 26. Rad1 Nf8 27. Re3
Qa6+ 28. Kg1 h6 29. Red3 Rb5 30. Rd6 Qb7 31. Nxa5 Qb8 32. Nc6 Rxc6 33. Rxc6
Qxe5 34. Rc8 1-0

[Event "Campeonato de Aragon por Equipos - Division de Honor"]
[Site ""]
[Date "2022.02.19"]
[Round "4.12"]
[White "Sanz Lopez, Ruben"]
[Black "Lorente Melcon, Maximo"]
[Result "0-1"]
[WhiteElo "1876"]
[BlackElo "1858"]
[PlyCount "0"]
[WhiteTeam "ONCE Club Ajedrez Aragon"]
[BlackTeam "Helios"]
[EventDate "2022.01.29"]

1. d4 Nf6 2. Bg5 e6 3. Nf3 h6 4. Bh4 b6 5. e3 Bb7 6. Nbd2 d5 7. Bd3 Nbd7 8. Ne5
Be7 9. f4 Ne4 10. Bxe7 Qxe7 11. O-O O-O 12. c3 c5 13. Rf3 Nxe5 14. fxe5 f5 15.
exf6 Rxf6 16. Bxe4 dxe4 17. Rxf6 Qxf6 18. Qg4 Qf5 19. Qh4 cxd4 20. cxd4 Rc8 21.
Rf1 Qa5 22. Qf2 Ba6 23. Qf7+ Kh8 24. Rd1 Qxd2 25. Rxd2 Rc1+ 26. Kf2 Rf1+ 27.
Kg3 Rxf7 0-1

[Event "Campeonato de Aragon por Equipos - Division de Honor"]
[Site ""]
[Date "2022.02.19"]
[Round "4.13"]
[White "Forcen Esteban, Daniel"]
[Black "Villuendas Valero, Adrian"]
[Result "1-0"]
[WhiteElo "2558"]
[BlackElo "2271"]
[PlyCount "0"]
[WhiteTeam "Jaime Casas"]
[BlackTeam "El Olivar"]
[EventDate "2022.01.29"]

1. e4 e6 2. d4 d5 3. e5 c5 4. c3 Qb6 5. Nf3 Nc6 6. a3 Nh6 7. Bd3 cxd4 8. O-O
Bd7 9. b4 Rc8 10. Bb2 Na5 11. Nxd4 Nc4 12. Bxc4 Rxc4 13. Nd2 Rc8 14. Rc1 Bb5
15. c4 dxc4 16. a4 Bd7 17. Nxc4 Qd8 18. b5 Be7 19. Qf3 Rc7 20. Nd6+ Bxd6 21.
exd6 Rxc1 22. Rxc1 Qb6 23. Nxe6 1-0

[Event "Campeonato de Aragon por Equipos - Division de Honor"]
[Site ""]
[Date "2022.02.19"]
[Round "4.14"]
[White "Hernando Garcia, Antonio"]
[Black "Ramiro Ovejero, Juan Luis"]
[Result "1/2-1/2"]
[WhiteElo "2133"]
[BlackElo "2324"]
[PlyCount "0"]
[WhiteTeam "El Olivar"]
[BlackTeam "Jaime Casas"]
[EventDate "2022.01.29"]

1. Nf3 c5 2. c4 Nc6 3. g3 g6 4. Bg2 Bg7 5. Nc3 e5 6. O-O Nge7 7. d3 d6 8. a3
O-O 9. Rb1 a5 10. Ne1 Be6 11. e4 f5 12. f3 f4 13. g4 Nd4 14. Bd2 Nec6 15. Nc2
h5 16. h3 hxg4 17. hxg4 Nb3 18. Be1 Bf6 19. Bf2 Kg7 20. Bh3 Rh8 21. Kg2 Bh4 22.
Qe1 Qg5 23. Rh1 Bxf2 24. Qxf2 Rh4 25. Rh2 Rah8 26. Rbh1 Nbd4 27. Ne1 Rb8 28.
Kg1 b5 29. Bf1 Rxh2 30. Qxh2 bxc4 31. dxc4 Ne7 32. Bd3 Kf6 33. Nd5+ Bxd5 34.
cxd5 Nxf3+ 35. Nxf3 Qxg4+ 36. Kf2 Rxb2+ 37. Be2 Qg3+ 38. Qxg3 fxg3+ 39. Ke1 c4
40. Rg1 c3 41. Kd1 Nc8 42. Rxg3 Nb6 43. Bd3 Ra2 44. Ne1 Rxa3 45. Rf3+ Kg5 46.
Kc2 Ra1 47. Rf1 Ra3 48. Bb5 Na4 49. Nd3 Nb2 50. Nxb2 cxb2 51. Kxb2 Re3 52. Ra1
Rxe4 53. Rxa5 Kf4 54. Bd3 Rd4 55. Bxg6 e4 56. Kc3 Ke5 57. Bf7 e3 58. Ra8 Rd1
59. Re8+ Kf6 60. Bg8 Kg7 61. Kc4 e2 62. Rxe2 Kxg8 63. Re6 Kf7 64. Rxd6 Ke7 65.
Rc6 Kd7 66. Rh6 Rc1+ 67. Kd4 Rd1+ 68. Ke5 Re1+ 69. Kd4 Rd1+ 1/2-1/2

[Event "Campeonato de Aragon por Equipos - Division de Honor"]
[Site ""]
[Date "2022.02.19"]
[Round "4.15"]
[White "Fontana Sotomayor, Luis Javier"]
[Black "Galstyan, David"]
[Result "0-1"]
[WhiteElo "2251"]
[BlackElo "1859"]
[PlyCount "0"]
[WhiteTeam "Jaime Casas"]
[BlackTeam "El Olivar"]
[EventDate "2022.01.29"]

1. b3 e5 2. Bb2 Nc6 3. e3 Nf6 4. Bb5 Bd6 5. Na3 e4 6. Nc4 Be7 7. Bxc6 bxc6 8.
Ne2 O-O 9. O-O d5 10. Ne5 Qe8 11. f4 Ng4 12. Nxg4 Bxg4 13. h3 Bxe2 14. Qxe2 f5
15. c4 Bf6 16. Bxf6 Rxf6 17. Rac1 Rc8 18. Rc2 Qd7 19. cxd5 cxd5 20. Rfc1 g6 21.
Rc5 Rb6 22. g4 c6 23. Kh2 Rf8 24. b4 Rf6 25. a3 a6 26. Ra5 fxg4 27. hxg4 g5 28.
Rf1 Qg7 29. fxg5 Qxg5 30. Rxf6 Qxf6 31. Rc5 Rb7 32. Rc1 Qh4+ 33. Kg2 Rg7 34.
Rg1 Rxg4+ 35. Qxg4+ Qxg4+ 36. Kf2 Qxg1+ 37. Kxg1 Kf7 38. Kg2 Kg6 39. Kg3 Kg5
40. Kh3 h5 41. Kg3 h4+ 0-1

[Event "Campeonato de Aragon por Equipos - Division de Honor"]
[Site ""]
[Date "2022.02.19"]
[Round "4.16"]
[White "Munoz Valles, Jorge"]
[Black "Maza Broto, Pablo"]
[Result "1/2-1/2"]
[WhiteElo "1851"]
[BlackElo "2026"]
[PlyCount "0"]
[WhiteTeam "El Olivar"]
[BlackTeam "Jaime Casas"]
[EventDate "2022.01.29"]

1. d4 d5 2. c4 e6 3. Nc3 Nf6 4. cxd5 exd5 5. Bg5 Be7 6. e3 O-O 7. Qc2 c5 8. Nf3
Nc6 9. a3 cxd4 10. Nxd4 Nxd4 11. exd4 Re8 12. Be2 Ne4 13. Bxe7 Qxe7 14. Nxd5
Qg5 15. Nc7 Bf5 16. O-O Rac8 17. Qa4 Red8 18. Rac1 Bh3 19. Bf3 Nd2 20. Qd1 Nxf1
21. Kxf1 Rxd4 22. Qe1 Bg4 23. Rc3 Bxf3 24. gxf3 Qd8 25. Ne6 Rd1 26. Nxd8 Rxe1+
27. Kxe1 Rxd8 28. Rc7 Rb8 29. Kd2 g6 30. Kd3 Kg7 31. b4 h5 32. Ke4 a6 33. Ke5
Re8+ 34. Kf4 Re2 35. a4 b6 36. Rc6 Ra2 37. a5 bxa5 38. Rxa6 Ra4 39. Rxa5 Rxb4+
40. Kg3 f6 41. f4 Rb3+ 42. f3 Kh6 43. Ra6 Kg7 44. Ra7+ Kh6 45. Ra6 f5 46. Rc6
h4+ 47. Kxh4 Rxf3 48. Rc4 Re3 49. Rc2 Rd3 50. Ra2 Rd1 51. Ra3 Rg1 52. Rf3 Rg4+
53. Kh3 Kg7 54. Rf2 Kf6 55. Rf3 Ke6 56. Re3+ Kd5 57. Re5+ Kd4 58. Re6 Kd3 59.
Re8 Rxf4 60. Kg3 Re4 61. Rg8 Ke2 62. Rf8 Rg4+ 63. Kh3 Rg1 64. Ra8 Rd1 65. Kg2
Ke3 66. Re8+ Kf4 67. Re2 Rd3 68. Kf2 g5 69. Kg2 Kg4 70. Ra2 f4 71. Rb2 Re3 72.
Kf2 Ra3 73. Kg2 Kh4 74. Rb8 Ra2+ 75. Kf3 Ra3+ 76. Kg2 Rc3 77. Rh8+ Kg4 78. h3+
Kf5 79. Rf8+ Ke4 80. Re8+ Kd3 81. Re5 Kd2 82. Kf2 Rg3 83. Rd5+ Kc3 84. Rf5 Kd4
85. h4 1/2-1/2

[Event "Campeonato de Aragon por Equipos - Division de Honor"]
[Site ""]
[Date "2022.02.19"]
[Round "4.17"]
[White "Cid Royo, Jonathan"]
[Black "Hinojar Basa, Alfonso"]
[Result "0-1"]
[WhiteElo "2169"]
[BlackElo "2125"]
[PlyCount "0"]
[WhiteTeam "L'Aurora Estadilla"]
[BlackTeam "Marcos Frechin"]
[EventDate "2022.01.29"]

1. e4 c5 2. Nf3 e6 3. d4 cxd4 4. Nxd4 Nc6 5. Nc3 Qc7 6. Be3 a6 7. a3 Nf6 8. Be2
Be7 9. O-O O-O 10. f4 d6 11. Bf3 Nxd4 12. Qxd4 e5 13. Qd3 Be6 14. Nd5 Bxd5 15.
exd5 exf4 16. Bxf4 Nd7 17. c4 Bf6 18. Rab1 Ne5 19. Bxe5 Bxe5 20. b4 a5 21. Rfc1
axb4 22. axb4 b6 23. g3 Ra2 24. Rc2 Rfa8 25. Rxa2 Rxa2 26. Bd1 Qa7 27. Bb3 Ra1
28. Rxa1 Qxa1+ 29. Bd1 Qb2 30. Bc2 g6 31. b5 Kg7 32. Qe2 Qc3 33. Bd3 h5 34. Kg2
Qd4 35. h4 f5 36. Qf3 Kf6 37. Kh3 Qg1 38. Bf1 Bxg3 39. Qxg3 Qxf1+ 40. Kh2 Qe2+
41. Kh1 Qe4+ 42. Kh2 Qe5 0-1